000 00571nam a22001817a 4500
003 JO-AjAnu
005 20240501112033.0
008 240501b jo ||||| |||| 00| 0 ara d
040 _aJO-AjAnu
_beng
_cJO-AjAnu
_dJO-AjAnu
_erda
041 0 _aeng
_heng
050 _aS544
_b2021
100 1 _aBereir.Ahmed
_eauthor
_965402
245 0 _aREACHING AGRICULTURAL EXTENSION AUDIENCE /
_cAhmed Bereir
260 _aIndian :
_bLAP LAMBERT Academic Publishing ,
_c2021
300 _a106 page
650 7 0 _aAgricultural guidance
_vAgricultural guidance
_965403
942 _2lcc
_cBK
_n0
999 _c33485
_d33485